Normal view
MARC view
- Akbar, Saddam Sultan
Entry Personal Name
001 - CONTROL NUMBER
- control field: 132651
003 - CONTROL NUMBER IDENTIFIER
- control field: NUST
005 - DATE AND TIME OF LATEST TRANSACTION
- control field: 20260101093202.0
008 - FIXED-LENGTH DATA ELEMENTS
- fixed length control field: 260101|| aca||aabn | a|a d
040 ## - CATALOGING SOURCE
- Original cataloging agency: NUST
- Transcribing agency: NUST
100 ## - HEADING--PERSONAL NAME
- Personal name: Akbar, Saddam Sultan
670 ## - SOURCE DATA FOUND
- Source citation: Work cat.: (NUST): Akbar, Saddam Sultan, Exploration of heat transfer problems involving Newtonian and non-Newtonian flows over isothermal and non-isothermal boundaries/
